[Event "HZ Chess Tournament 2023"]
[Site "Vlissingen, Netherlands"]
[Date "2023.08.12"]
[Round "9.31"]
[White "Rijnaarts, Sjef"]
[Black "Van Gemert, Rogier"]
[Result "1/2-1/2"]
[WhiteElo "2299"]
[BlackElo "1913"]
[PlyCount "78"]

1. e4 g6 2. d4 Bg7 3. Nc3 a6 4. Be3 d6 5. h4 h5 6. Nh3 Bxh3 7. Rxh3 Bh6 8. Bxh6
Nxh6 9. Qe2 e6 10. O-O-O Nd7 11. f3 Qe7 12. Rh1 O-O-O 13. g3 Kb8 14. Qe3 Nb6
15. Bh3 Ng8 16. Rhe1 Nf6 17. a3 d5 18. exd5 Nfxd5 19. Nxd5 Nxd5 20. Qb3 c6 21.
c4 Nc7 22. f4 Na8 23. Bg2 Qc7 24. Qc3 Nb6 25. b4 Rhe8 26. Re2 Re7 27. Bf3 Ka7
28. Red2 Red7 29. Qb3 Nc8 30. a4 Ne7 31. b5 Nf5 32. c5 Ka8 33. Qc4 Ne3 34. Qb4
Nxd1 35. bxc6 bxc6 36. Kxd1 Rb8 37. Qc4 Qb7 38. Ke1 Rc7 39. Kf2 Ka7 1/2-1/2

[Event "HZ Chess Tournament 2023"]
[Site "Vlissingen, Netherlands"]
[Date "2023.08.12"]
[Round "9.33"]
[White "Verrijssen, Patrick"]
[Black "Sparenberg, Erik"]
[Result "1/2-1/2"]
[WhiteElo "1850"]
[BlackElo "2128"]
[PlyCount "28"]

1. c4 Nf6 2. Nc3 g6 3. g3 Bg7 4. Bg2 O-O 5. e4 e5 6. Nge2 Nc6 7. O-O d6 8. d3
Nh5 9. Rb1 f5 10. f4 fxe4 11. Nxe4 Bg4 12. Ng5 exf4 13. Bd5+ Kh8 14. h3 Bxe2
1/2-1/2

[Event "HZ Chess Tournament 2023"]
[Site "Vlissingen, Netherlands"]
[Date "2023.08.12"]
[Round "9.34"]
[White "Van Roestel, Jan"]
[Black "Finkenflugel, Renzo"]
[Result "0-1"]
[WhiteElo "1846"]
[BlackElo "2113"]
[PlyCount "58"]

1. e4 e5 2. Nc3 Nc6 3. g3 Bc5 4. Bg2 d6 5. Na4 h5 6. h3 Be6 7. d3 Qe7 8. c4
O-O-O 9. Ne2 g5 10. Be3 Nd4 11. Nxd4 exd4 12. Bd2 f5 13. b4 Bb6 14. Nxb6+ axb6
15. Qa4 Kb8 16. O-O-O fxe4 17. Bxe4 Nh6 18. Qb5 Nf7 19. Rhe1 Qf6 20. c5 d5 21.
cxb6 dxe4 22. bxc7+ Kxc7 23. Rxe4 Bf5 24. Qc5+ Kb8 25. Qe7 Qc6+ 26. Kb2 Bxe4
27. Rc1 Rd7 28. Qxe4 Qxe4 29. dxe4 Ne5 0-1

[Event "HZ Chess Tournament 2023"]
[Site "Vlissingen, Netherlands"]
[Date "2023.08.12"]
[Round "9.35"]
[White "Gijsen, William"]
[Black "Hendrikse, Ad"]
[Result "1-0"]
[WhiteElo "2111"]
[BlackElo "1894"]
[PlyCount "53"]

1. e4 e5 2. Nc3 Nf6 3. f4 d5 4. fxe5 Nxe4 5. Qf3 f5 6. d3 Nxc3 7. bxc3 d4 8.
Qg3 Nc6 9. Be2 Be6 10. c4 Nb4 11. Bd1 Qd7 12. Rb1 O-O-O 13. a3 Nc6 14. Bf3 h6
15. h4 Rg8 16. h5 Bf7 17. Ne2 g6 18. hxg6 Rxg6 19. Qf2 Re6 20. Bf4 Bxa3 21. O-O
Bc5 22. Rb5 b6 23. Rfb1 Rg6 24. Bh2 Rg5 25. Qh4 Qe6 26. Nf4 Qxe5 27. Bxc6 1-0

[Event "HZ Chess Tournament 2023"]
[Site "Vlissingen, Netherlands"]
[Date "2023.08.12"]
[Round "9.36"]
[White "Baarslag, Ed"]
[Black "Molenaar, Toine"]
[Result "1/2-1/2"]
[WhiteElo "2086"]
[BlackElo "1890"]
[PlyCount "62"]

1. d4 d5 2. c4 e6 3. Nc3 Nf6 4. Bg5 Be7 5. Nf3 O-O 6. e3 h6 7. Bf4 b6 8. cxd5
Nxd5 9. Bg3 Bb7 10. Be2 c5 11. Nxd5 Qxd5 12. dxc5 Qxc5 13. O-O Rd8 14. Qa4 Bc6
15. Qb3 Qa5 16. Rfc1 Bd5 17. Qb5 Qxb5 18. Bxb5 Bf6 19. Ne5 a6 20. Bc4 Bb7 21.
Rc2 Nd7 22. Nxd7 Rxd7 23. f3 Rad8 24. Rac1 Rd2 25. b3 Bb2 26. Rxd2 Rxd2 27. Rb1
Ba3 28. Ra1 b5 29. Be1 Rd7 30. Be2 Kf8 31. Rd1 Rxd1 1/2-1/2

[Event "HZ Chess Tournament 2023"]
[Site "Vlissingen, Netherlands"]
[Date "2023.08.12"]
[Round "9.37"]
[White "Albrecht, Alex"]
[Black "Emans, Job"]
[Result "0-1"]
[WhiteElo "1843"]
[BlackElo "2084"]
[PlyCount "72"]

1. d4 Nf6 2. c4 e6 3. Nf3 d5 4. Nc3 Be7 5. Bf4 O-O 6. h3 c5 7. e3 cxd4 8. exd4
Nc6 9. Be2 dxc4 10. Bxc4 a6 11. a4 Qb6 12. Qb3 Bb4 13. Rd1 Na5 14. Qa2 Nxc4 15.
Qxc4 Bd7 16. O-O Rac8 17. Qb3 Qa5 18. Rc1 Bxc3 19. bxc3 Qxa4 20. Qxb7 Bb5 21.
Rfe1 Nd5 22. Bd6 Bc6 23. Qb2 Rfd8 24. Bg3 Bb5 25. Ne5 Qa5 26. c4 Bxc4 27. Nxc4
Rxc4 28. Rxc4 Qxe1+ 29. Kh2 h6 30. Qa3 a5 31. Rc5 Ra8 32. Rc2 Qb4 33. Qd3 a4
34. f4 a3 35. Rc1 a2 36. Qd1 Qb2 0-1

[Event "HZ Chess Tournament 2023"]
[Site "Vlissingen, Netherlands"]
[Date "2023.08.12"]
[Round "9.38"]
[White "Den Heijer, Rolinde"]
[Black "Van der Zalm, Marnix"]
[Result "0-1"]
[WhiteElo "1769"]
[BlackElo "2083"]
[PlyCount "60"]

1. e4 d6 2. d4 g6 3. Nc3 Bg7 4. Be3 a6 5. f4 Nf6 6. Nf3 O-O 7. Bd3 Nc6 8. O-O
Ng4 9. Qd2 e5 10. fxe5 Nxe3 11. Qxe3 dxe5 12. d5 Nb4 13. Rad1 Qe7 14. a3 Nxd3
15. Rxd3 Rd8 16. Rfd1 Bg4 17. Na4 f5 18. h3 fxe4 19. Rb3 Bxf3 20. gxf3 exf3 21.
Nc5 Rf8 22. Ne6 Qh4 23. Qf2 Qxh3 24. Re1 Qg4+ 25. Kf1 Rf5 26. Rb4 Qh3+ 27. Kg1
Rh5 28. Qd2 Qh1+ 29. Kf2 Qg2+ 30. Ke3 Bh6+ 0-1

[Event "HZ Chess Tournament 2023"]
[Site "Vlissingen, Netherlands"]
[Date "2023.08.12"]
[Round "9.39"]
[White "Loef, Dirk"]
[Black "Welten, Hans"]
[Result "1-0"]
[WhiteElo "2082"]
[BlackElo "1828"]
[PlyCount "47"]

1. d4 d5 2. Nc3 e6 3. e4 dxe4 4. Nxe4 Be7 5. Qg4 g6 6. Qd1 Nd7 7. Bd3 Bf8 8.
Bg5 Ngf6 9. Qf3 Be7 10. Bh6 Bf8 11. Bd2 Be7 12. h4 h5 13. Ng5 Nf8 14. O-O-O Qd5
15. Qf4 c6 16. c4 Qd6 17. Qf3 a5 18. Ne2 Qd8 19. Bc3 Bd7 20. Nf4 e5 21. dxe5
Bg4 22. Qe3 N6d7 23. e6 Nxe6 24. Nfxe6 1-0

[Event "HZ Chess Tournament 2023"]
[Site "Vlissingen, Netherlands"]
[Date "2023.08.12"]
[Round "9.40"]
[White "Van Houtte, Randy"]
[Black "Kaufmann, Thomas"]
[Result "1-0"]
[WhiteElo "2079"]
[BlackElo "1862"]
[PlyCount "49"]

1. c4 e5 2. Nc3 Nc6 3. g3 Bc5 4. e3 a6 5. Bg2 Nge7 6. Nf3 Ba7 7. O-O d6 8. a3
Be6 9. d3 h6 10. b4 Qd7 11. Re1 Rb8 12. Bb2 O-O 13. Qe2 Bg4 14. Qf1 Qf5 15. Nd2
Qg6 16. h3 Bf5 17. e4 Bd7 18. Kh2 Nd4 19. Rac1 c6 20. Ne2 Ne6 21. c5 Nc7 22.
cxd6 Qxd6 23. Nc4 Qe6 24. Bxe5 Nb5 25. Nf4 1-0

[Event "HZ Chess Tournament 2023"]
[Site "Vlissingen, Netherlands"]
[Date "2023.08.12"]
[Round "9.41"]
[White "Verhoef, Harry"]
[Black "Coenen, Eduard"]
[Result "1/2-1/2"]
[WhiteElo "1728"]
[BlackElo "2069"]
[PlyCount "105"]

1. d4 g6 2. c4 Bg7 3. Nc3 d6 4. e4 e5 5. d5 f5 6. Bd3 Nf6 7. Nge2 fxe4 8. Nxe4
Nxe4 9. Bxe4 O-O 10. O-O Nd7 11. Be3 Qh4 12. f3 Nf6 13. Qd3 Bh6 14. Bf2 Qg5 15.
Kh1 Bf5 16. Ng3 Bxe4 17. Nxe4 Nxe4 18. fxe4 b6 19. Rae1 Qg4 20. h3 Qd7 21. Bg3
Bf4 22. Bxf4 Rxf4 23. Rxf4 exf4 24. e5 dxe5 25. Rxe5 Rf8 26. Qe4 f3 27. Qe1 Qg7
28. gxf3 Qf6 29. Qe4 Qxf3+ 30. Qxf3 Rxf3 31. Kg2 Rf4 32. b3 Kf7 33. Re6 Rf6 34.
Re4 g5 35. b4 h5 36. a4 Kg6 37. Re7 Rf7 38. Rxf7 Kxf7 39. Kf3 Kf6 40. Ke4 g4
41. hxg4 hxg4 42. c5 bxc5 43. bxc5 g3 44. Kf3 Ke5 45. d6 cxd6 46. cxd6 Kxd6 47.
a5 Kc5 48. Kxg3 Kb5 49. a6 Kxa6 50. Kf4 Kb5 51. Ke3 Kb4 52. Kd2 Kb3 53. Kc1
1/2-1/2

[Event "HZ Chess Tournament 2023"]
[Site "Vlissingen, Netherlands"]
[Date "2023.08.12"]
[Round "9.42"]
[White "Romkes, Abel"]
[Black "Vos de Wael, Alexander"]
[Result "1-0"]
[WhiteElo "2064"]
[BlackElo "1760"]
[PlyCount "83"]

1. d4 d5 2. c4 e6 3. Nc3 c6 4. e4 dxe4 5. Nxe4 Bb4+ 6. Nc3 e5 7. Be3 exd4 8.
Qxd4 Qxd4 9. Bxd4 Nf6 10. Nge2 Na6 11. O-O-O Nc5 12. Ng3 Be6 13. Kc2 Ncd7 14.
f3 O-O-O 15. Bd3 Bc5 16. Bf5 Bxf5+ 17. Nxf5 Kc7 18. Rhe1 Bf8 19. Bf2 g6 20.
Bg3+ Kc8 21. Ne7+ Bxe7 22. Rxe7 Rhf8 23. Bf4 Rde8 24. Rde1 Rxe7 25. Rxe7 Ne8
26. Bh6 Rg8 27. Rxf7 Nd6 28. Rxh7 Nxc4 29. Ne4 Ncb6 30. h4 Nd5 31. a3 N5f6 32.
Nxf6 Nxf6 33. Rf7 Nd5 34. g4 Re8 35. Kd3 Re7 36. Rxe7 Nxe7 37. Ke4 Kd7 38. Ke5
c5 39. Bg5 b5 40. Bxe7 Kxe7 41. Kd5 c4 42. Kc5 1-0

[Event "HZ Chess Tournament 2023"]
[Site "Vlissingen, Netherlands"]
[Date "2023.08.12"]
[Round "9.43"]
[White "Vieira, Daniel"]
[Black "Hoffman, Ron"]
[Result "0-1"]
[WhiteElo "1707"]
[BlackElo "2028"]
[PlyCount "110"]

1. d4 Nf6 2. c4 e6 3. Nf3 b6 4. g3 Bb7 5. Bg2 Be7 6. O-O O-O 7. Nc3 Ne4 8. d5
Nxc3 9. bxc3 Na6 10. e4 Nc5 11. e5 Ba6 12. Qd4 f5 13. Nd2 Kh8 14. Re1 Re8 15.
Ba3 Nb7 16. Bxe7 Qxe7 17. Nb3 Rac8 18. a4 Nc5 19. Nd2 Nb7 20. g4 g6 21. Re3 Rg8
22. Rg3 Rcf8 23. gxf5 gxf5 24. Qf4 Rg7 25. Rxg7 Qxg7 26. Kh1 Rg8 27. Rg1 Qg5
28. Qd4 Nc5 29. Nf3 Qg4 30. Qxg4 Rxg4 31. dxe6 dxe6 32. h3 Rg8 33. Nd4 Bxc4 34.
Nb5 a5 35. Nxc7 Rc8 36. Nb5 Bxb5 37. axb5 Nd3 38. Bc6 Rd8 39. f4 Nxf4 40. Kh2
Rd3 41. Rg3 Rxg3 42. Kxg3 Nd3 43. Bf3 Nxe5 44. Bd1 Kg7 45. Bb3 Kf6 46. Kf4 Nd3+
47. Kf3 Nc5 48. Bc4 Ne4 49. Kf4 Nxc3 50. Ke3 Ne4 51. h4 Ke5 52. h5 h6 53. Bb3
f4+ 54. Ke2 Ng3+ 55. Kf3 Nxh5 0-1

[Event "HZ Chess Tournament 2023"]
[Site "Vlissingen, Netherlands"]
[Date "2023.08.12"]
[Round "9.44"]
[White "Rebreyend, Christophe"]
[Black "Vedant Kumar Saravana"]
[Result "0-1"]
[WhiteElo "1660"]
[BlackElo "1993"]
[PlyCount "60"]

1. e4 e5 2. f4 exf4 3. Nf3 g5 4. Nc3 Bg7 5. g3 d6 6. d4 h6 7. Bc4 Be6 8. Bxe6
fxe6 9. Qe2 Nd7 10. Qb5 fxg3 11. hxg3 Ne7 12. Bxg5 hxg5 13. Rxh8+ Bxh8 14. Qxg5
Nf8 15. Qh5+ Neg6 16. Qb5+ c6 17. Qxb7 Qc8 18. Qb3 Rb8 19. Qa3 Qb7 20. Qxd6 Bf6
21. Qc5 Be7 22. Qc4 Qc7 23. O-O-O Rb4 24. Qe2 Qa5 25. d5 Rxb2 26. d6 Qxc3 27.
Qd2 Qa3 28. Qe2 Qb4 29. Nd2 Bg5 30. c3 Qxc3# 0-1

[Event "HZ Chess Tournament 2023"]
[Site "Vlissingen, Netherlands"]
[Date "2023.08.12"]
[Round "9.45"]
[White "Verhoeven, Robin"]
[Black "Merz, Leander"]
[Result "1-0"]
[WhiteElo "1992"]
[BlackElo "1660"]
[PlyCount "51"]

1. e4 c6 2. d4 d5 3. e5 c5 4. dxc5 e6 5. a3 Nc6 6. b4 a5 7. b5 Nxe5 8. Bb2 Nd7
9. c6 bxc6 10. bxc6 Ndf6 11. Bb5 Qc7 12. c4 Bd6 13. cxd5 exd5 14. Nf3 Ne7 15.
O-O O-O 16. Nbd2 Rb8 17. a4 Ng4 18. h3 Ne5 19. Nxe5 Bxe5 20. Bxe5 Qxe5 21. Re1
Qf6 22. Qc2 Be6 23. Nb3 Bf5 24. Qc5 Nxc6 25. Bxc6 Rxb3 26. Qxf8+ 1-0

[Event "HZ Chess Tournament 2023"]
[Site "Vlissingen, Netherlands"]
[Date "2023.08.12"]
[Round "9.47"]
[White "De Jong, Quint"]
[Black "Westerweele, Henrik"]
[Result "0-1"]
[WhiteElo "1509"]
[BlackElo "1948"]
[PlyCount "48"]

1. d4 e6 2. c4 f5 3. Nc3 Nf6 4. a3 Be7 5. e3 O-O 6. Bd3 b6 7. Nge2 Bb7 8. f3 c5
9. dxc5 bxc5 10. O-O Nc6 11. e4 g6 12. Be3 Ne5 13. Ng3 d6 14. Qc2 Nfd7 15. f4
Ng4 16. Rae1 Bf6 17. Nd1 Nxe3 18. Nxe3 Bd4 19. exf5 exf5 20. Kh1 Nf6 21. Re2
Bxe3 22. Rxe3 Ng4 23. Re2 Qh4 24. h3 Qxg3 0-1

[Event "HZ Chess Tournament 2023"]
[Site "Vlissingen, Netherlands"]
[Date "2023.08.12"]
[Round "9.48"]
[White "Haak, Eelco"]
[Black "De Jong, Mats"]
[Result "1/2-1/2"]
[WhiteElo "1923"]
[BlackElo "1570"]
[PlyCount "31"]

1. d4 d5 2. Nf3 Nf6 3. g3 Bf5 4. Bg2 e6 5. O-O Be7 6. c4 c6 7. Nc3 O-O 8. b3
Ne4 9. Bb2 Nd7 10. Nd2 Ndf6 11. Ndxe4 Nxe4 12. f3 Nxc3 13. Bxc3 Bg6 14. e4 f5
15. Re1 Bf7 16. Qd3 1/2-1/2

[Event "HZ Chess Tournament 2023"]
[Site "Vlissingen, Netherlands"]
[Date "2023.08.12"]
[Round "9.49"]
[White "Zweedijk, Leon"]
[Black "Fleerackers, Willy"]
[Result "0-1"]
[WhiteElo "1631"]
[BlackElo "1983"]
[PlyCount "38"]

1. d4 Nc6 2. Nc3 d6 3. Bf4 Nf6 4. e4 g6 5. Be2 Bg7 6. Nf3 O-O 7. d5 Nb8 8. Qd2
Nbd7 9. O-O-O Nc5 10. Bd3 b5 11. Rde1 b4 12. Nb1 e6 13. Bg5 Bb7 14. h4 exd5 15.
e5 dxe5 16. Nxe5 Qd6 17. Bf4 Nfe4 18. Qxb4 Bxe5 19. Bxe5 Nxd3+ 0-1

[Event "HZ Chess Tournament 2023"]
[Site "Vlissingen, Netherlands"]
[Date "2023.08.12"]
[Round "9.50"]
[White "Nieuwelink, Kees"]
[Black "Van de Breevaart, Rick"]
[Result "0-1"]
[WhiteElo "2165"]
[BlackElo "1779"]
[PlyCount "62"]

1. e4 c6 2. d4 d5 3. f3 e6 4. Nc3 c5 5. exd5 exd5 6. dxc5 Be6 7. Be3 Nc6 8.
Nge2 Qa5 9. Nd4 Qxc5 10. Qd2 Qa5 11. Nb3 Qd8 12. O-O-O Nf6 13. g4 Bb4 14. a3
Bxc3 15. Qxc3 Rc8 16. h4 Qd6 17. Qd2 Nd7 18. h5 Nce5 19. h6 g6 20. Qf2 f5 21.
Bd4 O-O 22. g5 f4 23. Bc3 Rxc3 24. bxc3 Qxa3+ 25. Kd2 Rc8 26. Ra1 Qb2 27. Bh3
Qxc3+ 28. Kd1 Bxh3 29. Rxh3 Nc4 30. Ra2 Nde5 31. Ke2 Re8 0-1

[Event "HZ Chess Tournament 2023"]
[Site "Vlissingen, Netherlands"]
[Date "2023.08.12"]
[Round "9.51"]
[White "Krasenkowa, Elena"]
[Black "Blom, Huub"]
[Result "1-0"]
[WhiteElo "2137"]
[BlackElo "1759"]
[PlyCount "25"]

1. d4 e6 2. c4 b6 3. e4 Bb7 4. Bd3 Nf6 5. Qe2 Bb4+ 6. Nd2 O-O 7. Ngf3 d6 8. O-O
Bxd2 9. Bxd2 h6 10. Rfd1 c5 11. e5 dxe5 12. dxe5 Ne8 13. Bxh6 1-0

[Event "HZ Chess Tournament 2023"]
[Site "Vlissingen, Netherlands"]
[Date "2023.08.12"]
[Round "9.52"]
[White "De Wolf, Johan"]
[Black "Dhooge, Servaas"]
[Result "1/2-1/2"]
[WhiteElo "1984"]
[BlackElo "1721"]
[PlyCount "54"]

1. d4 Nf6 2. Nf3 g6 3. g3 Bg7 4. Bg2 O-O 5. c4 d6 6. O-O Nc6 7. d5 Nb8 8. Nc3
e5 9. Qc2 Ne8 10. Rb1 f5 11. Rd1 f4 12. gxf4 exf4 13. Nd4 Qe7 14. Ne6 Bxe6 15.
dxe6 c6 16. Qd3 Qxe6 17. Ne4 Nd7 18. Nxd6 Ne5 19. Qh3 Qe7 20. c5 Rd8 21. Qb3+
Kh8 22. Bd2 Nxd6 23. cxd6 Rxd6 24. Bb4 Rxd1+ 25. Rxd1 c5 26. Bc3 b6 27. Qd5 Bf6
1/2-1/2

[Event "HZ Chess Tournament 2023"]
[Site "Vlissingen, Netherlands"]
[Date "2023.08.12"]
[Round "9.53"]
[White "De Zoeten, Cato"]
[Black "Huijzer, Jacques"]
[Result "1-0"]
[WhiteElo "1942"]
[BlackElo "1767"]
[PlyCount "41"]

1. e4 c5 2. Nf3 Nc6 3. d4 cxd4 4. Nxd4 Nf6 5. Nc3 d6 6. Bg5 e6 7. Qd2 a6 8.
O-O-O Bd7 9. Kb1 Be7 10. f3 O-O 11. h4 b5 12. Nxc6 Bxc6 13. g4 b4 14. Ne2 h6
15. Be3 g5 16. hxg5 hxg5 17. Nd4 Bxe4 18. fxe4 Kg7 19. Nc6 Qc7 20. Nxe7 Nxe4
21. Qd4+ 1-0

[Event "HZ Chess Tournament 2023"]
[Site "Vlissingen, Netherlands"]
[Date "2023.08.12"]
[Round "9.54"]
[White "Oosting, Robert"]
[Black "Schoor, Carl"]
[Result "1/2-1/2"]
[WhiteElo "1936"]
[BlackElo "1716"]
[PlyCount "55"]

1. e4 e5 2. Nf3 Nc6 3. Bb5 Nd4 4. Nxd4 exd4 5. d3 c6 6. Bc4 d6 7. O-O Nf6 8. c3
dxc3 9. bxc3 Be7 10. Bb3 O-O 11. Be3 Ng4 12. Bf4 Bg5 13. Qd2 Bxf4 14. Qxf4 Ne5
15. d4 Ng6 16. Qe3 Be6 17. Bc2 f5 18. exf5 Bxf5 19. Bxf5 Rxf5 20. Qe6+ Rf7 21.
g3 Qf6 22. Qxf6 Rxf6 23. Nd2 d5 24. Rab1 b6 25. a4 Rc8 26. Rb2 c5 27. Rfb1 Rfc6
28. a5 1/2-1/2

[Event "HZ Chess Tournament 2023"]
[Site "Vlissingen, Netherlands"]
[Date "2023.08.12"]
[Round "9.55"]
[White "Van t Hoff, Tom"]
[Black "Kogeler, Aart"]
[Result "1/2-1/2"]
[WhiteElo "1936"]
[BlackElo "1714"]
[PlyCount "53"]

1. e4 e6 2. d4 d5 3. exd5 exd5 4. Nf3 Nf6 5. Bd3 Bd6 6. O-O O-O 7. Bg5 h6 8.
Bh4 Bg4 9. Nbd2 Nbd7 10. c3 c6 11. Qc2 Qc7 12. a4 Rfe8 13. a5 a6 14. b4 Bxf3
15. Nxf3 Ng4 16. Bg3 Bxg3 17. hxg3 Ngf6 18. Rfe1 Kf8 19. Bf5 Rxe1+ 20. Nxe1 Re8
21. Nd3 Ne4 22. Bxe4 dxe4 23. Nf4 Nf6 24. Re1 g5 25. Ne2 Kg8 26. Nc1 e3 27. Qd3
1/2-1/2